|
|
|
|
| LEADER |
00000nam a2200000 a 4500 |
| 001 |
vtls001434312 |
| 003 |
SK-MaSNL |
| 005 |
20260301013333.0 |
| 008 |
251113s2000 rm ab r 0 rum |
| 020 |
|
|
|a 9736841693
|c [1200,00]
|
| 035 |
|
|
|a SNK000389389
|
| 040 |
|
|
|a SNK
|b slo
|c SNK
|e AACR2
|
| 044 |
|
|
|a rm
|c RO
|
| 080 |
|
|
|a 949.8
|2 1981
|
| 100 |
1 |
|
|a Giurescu, Constantin C.
|4 aut
|9 299909
|
| 245 |
1 |
0 |
|a Istoria românilor
|n 2
|n Partea întâi, partea a doua
|p De la Mircea cel Bătrân şi Alexandru cel Bun până la Mihai Viteazul
|c Constantin C. Giurescu ; ediţie îngrijită de Dinu C. Giurescu
|
| 260 |
|
|
|a Bucureşti
|b All
|c c2000
|
| 300 |
|
|
|a viii, 527 s.,
|c 25 cm
|e 4 mp.
|
| 490 |
1 |
|
|a Cărţi fundamentale ale culturii române
|
| 651 |
|
7 |
|a Rumunsko
|x dejiny
|2 SNK
|9 14451
|
| 830 |
|
0 |
|a Cărţi fundamentale ale culturii române
|9 299910
|
| 919 |
|
|
|a 973-684-169-3
|
| 999 |
|
|
|c 555839
|d 557769
|
| 952 |
|
|
|t P60, <04>, [BOOK], {604}
|a SNK
|b SNK
|y VYP
|7 0
|p 17A0348827
|o snkIC 130097/2
|i snkV 658/2002
|0 0
|1 0
|4 0
|d 2002-07-02
|l 0
|r 2005-01-02 00:00:00
|w 2026-02-23
|